| 000 | 00451nam a2200133 i 4500 | ||
|---|---|---|---|
| 001 | 102403 | ||
| 003 | ES-MaACL | ||
| 007 | t| | ||
| 008 | 051110s1968 ho ||||1| spa d | ||
| 245 | 0 | 3 |
_aEl mercado español _b: posibilidades que ofrece para la explotación de productos hondureños. |
| 260 |
_aTegucigalpa : _bMinisterio de Economía y Hacienda, _c1968. |
||
| 300 |
_a91 p., 1-9 fol., 2 h. pleg. ; _c28 cm. |
||
| 852 |
_aES-MaACL _jE-8248 _bR.92887 |
||
| 999 |
_c102403 _d102403 |
||